|
|
|
|
| LEADER |
04082nam a22004453i 4500 |
| 001 |
EBC6878121 |
| 003 |
MiAaPQ |
| 005 |
20231204023220.0 |
| 006 |
m o d | |
| 007 |
cr cnu|||||||| |
| 008 |
231204s2021 xx o ||||0 eng d |
| 020 |
|
|
|a 9781478091691
|q (electronic bk.)
|
| 020 |
|
|
|z 9781478010746
|
| 035 |
|
|
|a (MiAaPQ)EBC6878121
|
| 035 |
|
|
|a (Au-PeEL)EBL6878121
|
| 035 |
|
|
|a (OCoLC)1250021719
|
| 040 |
|
|
|a MiAaPQ
|b eng
|e rda
|e pn
|c MiAaPQ
|d MiAaPQ
|
| 050 |
|
4 |
|a GN345
|
| 082 |
0 |
|
|a 305.800721
|
| 100 |
1 |
|
|a Ballestero, Andrea.
|
| 245 |
1 |
0 |
|a Experimenting with Ethnography :
|b A Companion to Analysis.
|
| 250 |
|
|
|a 1st ed.
|
| 264 |
|
1 |
|a Durham :
|b Duke University Press,
|c 2021.
|
| 264 |
|
4 |
|c ©2021.
|
| 300 |
|
|
|a 1 online resource (321 pages)
|
| 336 |
|
|
|a text
|b txt
|2 rdacontent
|
| 337 |
|
|
|a computer
|b c
|2 rdamedia
|
| 338 |
|
|
|a online resource
|b cr
|2 rdacarrier
|
| 490 |
1 |
|
|a Experimental Futures Ser.
|
| 505 |
0 |
|
|a Cover -- Contents -- Acknowledgments -- Introduction. Analysis as Experimental Practice / Andrea Ballestero and Brit Ross Winthereik -- Part I. Bodily Practices and Relocations -- 1. Tactile Analytics: Touching as a Collective Act / Patricia Alvarez Astacio -- 2. The Ethnographic Hunch / Sarah Pink -- 3. The Para-Site in Ethnographic Research Projects / George E. Marcus -- 4. Juxtaposition: Differences That Matter / Else Vogel -- Part II. Physical Objects -- 5. Relocating Innovation: Postcards from Three Edges / Endre Dányi, Lucy Suchman, and Laura Watts -- 6. Object Exchange / Trine Mygind Korsby and Anthony Stavrianakis -- 7. Drawing as Analysis: Thinking in Images, Writing in Words / Rachel Douglas-Jones -- 8. Diagrams: Making Multispecies Temporalities Visible / Elaine Gan -- Part III. Infrastructural Play -- 9. Ethnographic Drafts and Wild Archives / Alberto Corsín Jiménez -- 10. Multimodal Sorting: The Flow of Images across Social Media and Anthropological Analysis / Karen Waltorp -- 11. Categorize, Recategorize, Repeat / Graham M. Jones -- 12. Sound Recording as Analytic Technique / Brit Ross Winthereik and James Maguire -- Part IV. Incommensurabilities -- 13. Substance as Method (Shaking Up Your Practice) / Joseph Dumit -- 14. Excreting Variously: On Contrasting as an Analytic Technique / Justine Laurent, Oliver Human, Carolina Domínguez Guzmán, Els Roding, Ulrike Scholtes, Marianne de Laet, and Annemarie Mol -- 15. Facilitating Breakdowns through the Exchange of Perspectives / Steffen Dalsgaard -- 16. Analogy / Antonia Walford -- 17. Decolonizing Knowledge Devices / Ivan da Costa Marques -- 18. Writing an Ethnographic Story in Working toward Responsibly Unearthing Ontological Troubles / Helen Verran -- 19. Not Knowing: In the Presence of . . . / Marisol de la Cadena.
|
| 505 |
8 |
|
|a Afterword 1. Questions, Experiments, and Movements of Ethnographies in the Making Melanie Ford Lemus and Katie Ulrich -- Afterword 2. Where Would You Put This Volume? On Thinking with Unruly Companions in the Middle of Things Clément Dréano and Markus Rudolfi -- References -- Contributors -- Index -- A -- B -- C -- D -- E -- F -- G -- H -- I -- J -- K -- L -- M -- N -- O -- P -- Q -- R -- S -- T -- U -- V -- W -- X -- Z.
|
| 520 |
|
|
|a An indispensable guide for all ethnographers, Experimenting with Ethnography collects twenty-one essays that offer concrete suggestions for thinking about and doing ethnographic research and writing.
|
| 588 |
|
|
|a Description based on publisher supplied metadata and other sources.
|
| 590 |
|
|
|a Electronic reproduction. Ann Arbor, Michigan : ProQuest Ebook Central, 2023. Available via World Wide Web. Access may be limited to ProQuest Ebook Central affiliated libraries.
|
| 655 |
|
4 |
|a Electronic books.
|
| 700 |
1 |
|
|a Winthereik, Brit Ross.
|
| 776 |
0 |
8 |
|i Print version:
|a Ballestero, Andrea
|t Experimenting with Ethnography
|d Durham : Duke University Press,c2021
|z 9781478010746
|
| 797 |
2 |
|
|a ProQuest (Firm)
|
| 830 |
|
0 |
|a Experimental Futures Ser.
|
| 856 |
4 |
0 |
|u https://ebookcentral.proquest.com/lib/matrademy/detail.action?docID=6878121
|z Click to View
|